[Event "Crema op 22nd"]
[Site "Crema"]
[Date "2022.09.09"]
[Round "2"]
[White "Andreatta, Giovanni Maria"]
[Black "De Palma, Fabrizio"]
[Result "1/2-1/2"]
[WhiteElo "1810"]
[BlackElo "2023"]
[PlyCount "83"]
[EventDate "2022.09.09"]
[EventType "swiss"]
[EventRounds "6"]
[EventCountry "ITA"]
[SourceTitle "CBM 210 Extra"]
[Source "ChessBase"]
[SourceDate "2022.11.30"]
[SourceVersion "1"]
[SourceVersionDate "2022.11.30"]
[SourceQuality "1"]

1. e4 c5 2. c3 Nf6 3. e5 Nd5 4. d4 cxd4 5. Nf3 Nc6 6. cxd4 d6 7. Bc4 Nb6 8. Bb5 dxe5 9. Nxe5 Bd7 10. Bxc6 Bxc6 11. Nxc6 bxc6 12. Nc3 g6 13. 0-0 Bg7 14. Be3 0-0 15. Rc1 Nd5 16. Nxd5 cxd5 17. Rc5 Qb6 18. Qc2 Rfd8 19. Rc1 e6 20. b3 Bf8 21. Rc6 Qb8 22. Qd3 Ba3 23. R1c2 Bd6 24. Bg5 Rd7 25. g3 Qb7 26. Bf6 Bf8 27. Qe3 Re8 28. Qe5 a5 29. h4 Qb5 30. Rc8 Rb7 31. a4 Qd7 32. R8c7 Rxc7 33. Rxc7 Qd6 34. Ra7 Qb6 35. Rd7 Rc8 36. Bh8 Qc6 37. Re7 Re8 38. Ra7 Ra8 39. Rc7 Qd6 40. Rb7 Qc6 41. Re7 Re8 42. Ra7 1/2-1/2